| 000 | 01063cam a2200313M 4500 | ||
|---|---|---|---|
| 001 | 97323 | ||
| 005 | 20230411090056.0 | ||
| 008 | 080724s2007 sp a 000 0 spa d | ||
| 035 | _a(OCoLC)ocn433749162 | ||
| 040 |
_aBNM _erdc _bspa _cBNM |
||
| 015 | _aMON0808 | ||
| 017 | _aB 54372-2007 | ||
| 035 | _a(OCoLC)433749162 | ||
| 080 | _a32(100)"1945/89" | ||
| 080 | _a32(100)"1989/..." | ||
| 080 | _a341.123(091) | ||
| 049 | _aGRAL | ||
| 100 | 1 | _aHernández i Sagrera, Raúl. | |
| 245 | 1 | 4 |
_aLas Naciones Unidas con nombres propios _b: la historia del mundo (1945-2007) a travs de los secretarios generales _cRaúl Hernández i Sagrera ; prólogo de Hans Blix. |
| 260 |
_aBarcelona _bServicio de Documentació y Difusión de la Asociación para las Naciones Unidas en España _c2007. |
||
| 300 |
_a131 p. _bil. _c21 cm. |
||
| 504 | _aBibliografía: p. 103-105. | ||
| 610 | 2 | 7 |
_aNaciones Unidas _vHistoria. |
| 650 | 7 |
_aPolítica mundial _y1945-1989. |
|
| 650 | 7 |
_aPolítica mundial _y1989- |
|
| 942 |
_2lcc _cbk |
||
| 994 |
_aC0 _bDRFGD |
||
| 946 | _aJP | ||
| 999 |
_c112050 _d112050 |
||